000 00535cam a22002051 4500
001 sa 68011859
003 DLC
005 20260227112605.0
008 881025s1967 io 000 0 ind
010 _asa 68011859
035 _a(OCoLC)23568117
040 _aDLC
_cMiU
_dDLC
042 _apremarc
050 0 0 _aHQ10
_b.M355
110 2 _aMahmouʼddin S.
245 1 0 _aMembina bahtera kehidupan;
_bsuatu nasihat perkawinan
260 _aTjirebon,
_bToko Mesir
_c[1967?]
300 _a19 p.
_c22 cm.
650 0 _aMarriage counseling
999 _c84153
_d84153